Introduction to model theory and to the metamathematics of algebra
Guardat en:
| Autor principal: | |
|---|---|
| Format: | Llibre |
| Idioma: | anglès |
| Publicat: |
Amsterdam
North-Holland
1965
|
| Edició: | 2a. ed |
| Col·lecció: | Studies in logic and the foundations of mathematics
|
| Matèries: | |
| Etiquetes: |
Afegir etiqueta
Sense etiquetes, Sigues el primer a etiquetar aquest registre!
|
MARC
| LEADER | 00000nam a2200000 a 4500 | ||
|---|---|---|---|
| 001 | UCW1205 | ||
| 003 | CL-VaPUC | ||
| 008 | 911211e19650000NE |||||||||||||||||eng|d | ||
| 082 | 0 | 4 | |a 512.02 |b ROB |2 21 |
| 100 | 0 | |a Robinson, Abraham |e author |9 305107 | |
| 245 | 1 | 0 | |a Introduction to model theory and to the metamathematics of algebra |
| 250 | |a 2a. ed | ||
| 300 | |a 284 p | ||
| 942 | |c BK | ||
| 945 | |d 19911211 00:00:00 | ||
| 260 | |a Amsterdam |b North-Holland |c 1965 | ||
| 650 | 0 | |a Álgebra abstracta |9 260081 | |
| 650 | 7 | |a TEORIA DE LOS MODELOS |2 CL-VaPUC |9 270393 | |
| 650 | 0 | |a Metamatemáticas |9 268160 | |
| 583 | |a last modification |c 19911211 00:00:00 |k Rodrigo Vera | ||
| 490 | 0 | |a Studies in logic and the foundations of mathematics | |
| 999 | |c 216124 |d 216122 | ||
| 952 | |0 0 |1 0 |4 0 |6 512_020000000000000_ROB_1965 |7 0 |8 A |9 201602 |a BIBMAT |b BIBMAT |d 2019-11-14 |i 2688646 |o 512.02 ROB 1965 |p 2688646 |r 2025-01-07 |w 2019-11-14 |y BK |k MAT | ||